Explosions and explosion safety / (Record no. 53339)
[ view plain ]
| 000 -LEADER | |
|---|---|
| fixed length control field | 02278nam a22003377a 4500 |
| 005 - DATE AND TIME OF LATEST TRANSACTION | |
| control field | 20110628104557.0 |
| 008 - FIXED-LENGTH DATA ELEMENTS--GENERAL INFORMATION | |
| fixed length control field | 110628t xxu||||| |||| 00| 0 eng d |
| 010 ## - LCCN (DPL NO) | |
| LC control number | ENG-102809 B-445221-227 |
| 020 ## - INTERNATIONAL STANDARD BOOK NUMBER | |
| International Standard Book Number | 9780070704473 |
| Terms of availability | 450.00 550.00 |
| 020 ## - INTERNATIONAL STANDARD BOOK NUMBER | |
| International Standard Book Number | 0070704473 |
| Terms of availability | 450.00 550.00 |
| 035 ## - SYSTEM CONTROL NUMBER | |
| System control number | EN-86342 B-445221-227 |
| 037 ## - SOURCE OF ACQUISITION | |
| Source of stock number/acquisition | DBAD/PUB |
| 040 ## - CATALOGING SOURCE | |
| Original cataloging agency | dpl |
| Language of cataloging | English |
| 082 ## - DEWEY DECIMAL CLASSIFICATION NUMBER | |
| Classification number | 660.2961 |
| 100 ## - MAIN ENTRY--PERSONAL NAME | |
| 9 (RLIN) | 28896 |
| Personal name | Ramamurthi, K. |
| 245 ## - TITLE STATEMENT | |
| Title | Explosions and explosion safety / |
| Statement of responsibility, etc | by K. Ramamurthi |
| 260 ## - PUBLICATION, DISTRIBUTION, ETC. (IMPRINT) | |
| Place of publication, distribution, etc | New Delhi |
| Name of publisher, distributor, etc | Tats McGraw Hill |
| Date of publication, distribution, etc | 2011 |
| 270 ## - ADDRESS | |
| Address | 7,West Patel Nagar |
| City | New Delhi |
| Postal code | 110008 |
| 300 ## - PHYSICAL DESCRIPTION | |
| Extent | 288p. : |
| Other physical details | ill. |
| Dimensions | 22cm (Hb) |
| 500 ## - GENERAL NOTE | |
| General note | Includes index |
| 942 ## - ADDED ENTRY ELEMENTS (KOHA) | |
| Source of classification or shelving scheme | Dewey Decimal Classification |
| Item type | English Books |
| Call number suffix | RAM |
| Classification part | 660.2961 |
| Withdrawn status | Lost status | Source of classification or shelving scheme | Damaged status | Not for loan | Collection code | Home library | Current library | Date acquired | Source of acquisition | Cost, normal purchase price | Total Checkouts | Full call number | Barcode | Date last seen | Copy number | Cost, replacement price | Koha item type |
|---|---|---|---|---|---|---|---|---|---|---|---|---|---|---|---|---|---|
| Dewey Decimal Classification | Non-fiction | Central Library | Central Library | 19/03/2012 | Allied/1110/22.09.11/04/15.09.11/09.11.11 | 550.00 | 660.2961 RAM | B-445221 | 19/03/2012 | 1 | 550.00 | English Books | |||||
| Dewey Decimal Classification | Not For Loan | Non-fiction | D.B.Act.Division | D.B.Act.Division | 28/06/2011 | DBAD / PUB | 450.00 | RAM | EN-86342 | 28/06/2011 | 1 | 450.00 | English Books | ||||
| Dewey Decimal Classification | Non-fiction | Janak Puri | Janak Puri | 19/03/2012 | Allied/1110/22.09.11/04/15.09.11/09.11.11 | 550.00 | 1 | 660.2961 RAM | B-445223 | 15/07/2013 | 1 | 550.00 | English Books | ||||
| Dewey Decimal Classification | Non-fiction | Karol Bagh | Karol Bagh | 19/03/2012 | Allied/1110/22.09.11/04/15.09.11/09.11.11 | 550.00 | 660.2961 RAM | B-445226 | 19/03/2012 | 1 | 550.00 | English Books | |||||
| Dewey Decimal Classification | Non-fiction | Patel Nagar | Patel Nagar | 19/03/2012 | Allied/1110/22.09.11/04/15.09.11/09.11.11 | 550.00 | 660.2961 RAM | B-445222 | 19/03/2012 | 1 | 550.00 | English Books | |||||
| Dewey Decimal Classification | Non-fiction | Sarojini Nagar | Sarojini Nagar | 19/03/2012 | Allied/1110/22.09.11/04/15.09.11/09.11.11 | 550.00 | 1 | 660.2961 RAM | B-445224 | 15/07/2023 | 1 | 550.00 | English Books | ||||
| Dewey Decimal Classification | Non-fiction | Shahdara Branch | Shahdara Branch | 19/03/2012 | Allied/1110/22.09.11/04/15.09.11/09.11.11 | 550.00 | 660.2961 RAM | B-445227 | 19/03/2012 | 1 | 550.00 | English Books | |||||
| Dewey Decimal Classification | Non-fiction | Vinoba Puri | Vinoba Puri | 19/03/2012 | Allied/1110/22.09.11/04/15.09.11/09.11.11 | 550.00 | 1 | 660.2961 RAM | B-445225 | 20/05/2013 | 1 | 550.00 | English Books |
